Table of integrals, series, and products / (Record no. 3837)

MARC details
000 -LEADER
fixed length control field 01144nac a22002891i 4500
003 - CONTROL NUMBER IDENTIFIER
control field EG-ScBUE
005 - DATE AND TIME OF LATEST TRANSACTION
control field 20240903113827.0
008 - FIXED-LENGTH DATA ELEMENTS--GENERAL INFORMATION
fixed length control field 240903s1980 nyu f b 000 0 eng d
020 ## - INTERNATIONAL STANDARD BOOK NUMBER
International Standard Book Number 0122947606
040 ## - CATALOGING SOURCE
Original cataloging agency EG-ScBUE
Language of cataloging eng
Description conventions rda
Transcribing agency EG-ScBUE
Modifying agency EG-ScBUE
041 1# - LANGUAGE CODE
Language code of text/sound track or separate title eng
Language code of original and/or intermediate translations of text rus
082 04 - DEWEY DECIMAL CLASSIFICATION NUMBER
Classification number 510.212
Item number GRA
Edition number 22
100 1# - MAIN ENTRY--PERSONAL NAME
Personal name Gradshteĭn, I. S.,
Relator term author.
240 10 - UNIFORM TITLE
Uniform title <a href="Tablitsy integralov, summ, riadov i proizvedenii.">Tablitsy integralov, summ, riadov i proizvedenii.</a>
Language of a work English
245 10 - TITLE STATEMENT
Title Table of integrals, series, and products /
Statement of responsibility, etc I.S. Gradshteyn and I.M. Ryzhik ; incorporating the 4th ed. prepared by Yu. V. Geronimus, M. Yu. Tseytlin ; translated from the Russian by Scripta Technica, inc., and edited by Alan Jeffrey.
264 #1 - PUBLICATION, DISTRIBUTION, ETC. (IMPRINT)
Place of publication, distribution, etc New York :
Name of publisher, distributor, etc Academic Press,
Date of publication, distribution, etc 1980.
300 ## - PHYSICAL DESCRIPTION
Extent xlv, 1160 pages ;
Dimensions 24 cm
336 ## - CONTENT TYPE
Source rdacontent
Content type term text
Content type code txt
337 ## - MEDIA TYPE
Media type term unmediated
Source rdamedia
Media type code n
338 ## - CARRIER TYPE
Carrier type term volume
Carrier type code nc
Source rdacarrier
504 ## - BIBLIOGRAPHY, ETC. NOTE
Bibliography, etc Includes bibliographical references.
650 #7 - SUBJECT ADDED ENTRY--TOPICAL TERM
Topical term or geographic name as entry element Mathematics
General subdivision Tables.
Source of heading or term BUEsh
655 ## - INDEX TERM--GENRE/FORM
Form subdivision Reading book
700 1# - ADDED ENTRY--PERSONAL NAME
Personal name Ryzhik, I. M.
Fuller form of name (Iosif Moiseevich),
Relator term author.
700 1# - ADDED ENTRY--PERSONAL NAME
Personal name Jeffrey, Alan,
Relator term translator.
942 ## - ADDED ENTRY ELEMENTS (KOHA)
Koha item type Book - Borrowing
Source of classification or shelving scheme Dewey Decimal Classification
Holdings
Withdrawn status Lost status Source of classification or shelving scheme Damaged status Not for loan Collection code Home library Current library Shelving location Date acquired Source of acquisition Cost, normal purchase price Total Checkouts Full call number Barcode Date last seen Date checked out Cost, replacement price Koha item type
    Dewey Decimal Classification     Alahram Central Library Central Library First floor 18/07/2007 Purchase 526.86 1 510.212 GRA 000030209 15/07/2025 29/03/2009 658.58 Book - Borrowing